| 000 | 01385cam a2200349 i 4500 | ||
|---|---|---|---|
| 001 | 17565899 | ||
| 005 | 20220812111849.0 | ||
| 008 | 121217s2013 nyu b 001 0 eng | ||
| 010 | _a 2012047820 | ||
| 020 | _a9780393062885 (hardcover) | ||
| 040 |
_aDLC _beng _cDLC _erda _dDLC |
||
| 042 | _apcc | ||
| 050 | 0 | 0 |
_aHF5387 _b.R835 2013 |
| 082 | 0 | 0 |
_a341.481 _bRUG |
| 100 | 1 |
_aRuggie, John Gerard, _d1944- _994282 |
|
| 245 | 1 | 0 |
_aJust business : _bmultinational corporations and human rights / _cJohn Gerard Ruggie. |
| 250 | _aFirst edition. | ||
| 264 | 1 |
_aNew York : _bW. W. Norton & Company, _c[2013] |
|
| 300 |
_al, 251 pages ; _c22 cm. |
||
| 336 |
_atext _2rdacontent |
||
| 337 |
_aunmediated _2rdamedia |
||
| 338 |
_avolume _2rdacarrier |
||
| 490 | 0 | _aAmnesty international global ethics series | |
| 504 | _aIncludes bibliographical references (pages [203]-225) and index. | ||
| 505 | 0 | _aThe challenge -- No silver bullet -- Protect, respect and remedy -- Strategic paths -- Next steps. | |
| 650 | 0 |
_aBusiness ethics. _94380 |
|
| 650 | 0 | _aHuman rights. | |
| 650 | 0 |
_aInternational business enterprises _xMoral and ethical aspects. _994283 |
|
| 906 |
_a7 _bcbc _corignew _d1 _eecip _f20 _gy-gencatlg |
||
| 942 |
_2ddc _cBK |
||
| 999 |
_c590446 _d590446 |
||